000 00251nam a22001217a 4500
008 181106b xxu||||| |||| 00| 0 eng d
041 _aeng
080 _a341
100 _a15
101 _aJUR
245 _aCivil Procedure
_cMay.I
942 _2udc
_cBK
999 _c51917
_d51917